Language Quiz

Random Language or Blitz Quiz

C-'Ology' Quiz Stats

 Plays Quiz not verified by Sporcle

Also try: Homophone Pairs II
Challenge
Share
Tweet
Embed
Score 0/13 Timer 01:30
0 Plays Today
% Correct
Cardiology
89.6%
Criminology
89.5%
Climatology
88.6%
Chronology
88%
Craniology
87%
Cryptology
85.3%
Cosmology
82.9%
Cosmetology
80.6%
Cryobiology
76.5%
Conchology
74.7%
Campanology
70.2%
Cetology
68%
Cytology
64.3%

You're not logged in!

Compare scores with friends on all Sporcle quizzes.
Join for Free
OR
Log In

You Might Also Like...

Show Comments

Extras

Top Quizzes Today


Score Distribution

Your Account Isn't Verified!

In order to create a playlist on Sporcle, you need to verify the email address you used during registration. Go to your Sporcle Settings to finish the process.

Report this User

Report this user for behavior that violates our Community Guidelines.

Details: